000 00214 a2200097 4500
001 43635
100 _aPartridge
245 _aCan use usage abusage
260 _aLondon
_bHamish Hamilton
_c
090 _c27447
_d27447
942 _aNUST-CAE
_cM
_c19388
999 _c278708
_d278708